| 000 | 00363nam a22001337a 4500 | ||
|---|---|---|---|
| 999 |
_c11750 _d11750 |
||
| 008 | 210101b 2011 ||||| |||| 00| 0 eng d | ||
| 082 |
_a657.05 _bAGA |
||
| 100 | _aAgarwal, R. K. | ||
| 245 | _aStudy guide : accounting and finance for managers | ||
| 260 |
_aNew Delhi _bAIMA-CME _c2011 |
||
| 300 | _a123p. | ||
| 650 | _aBalance sheet demystified | ||
| 942 | _cBK | ||